| 000 | 04109 a2200301 4500 | ||
|---|---|---|---|
| 999 |
_c11013 _d11013 |
||
| 020 | _a9780444639547 | ||
| 050 |
_aRD593 _bSPO 2018 |
||
| 100 |
_a Aminoff, Michael J. _eseries editor |
||
| 245 | 0 | 0 |
_aSports neurology / _cseries editors Michael J. Aminoff |
| 264 | 1 |
_aAmsterdam : _bElsevier, _c2018 |
|
| 300 |
_axix, 490 pages : _billustrations (some color) ; |
||
| 336 |
_atext _btxt _2rdacontent |
||
| 337 |
_aunmediated _bn _2rdamedia |
||
| 338 |
_avolume _bnc _2rdacarrier |
||
| 500 | _aIncludes index | ||
| 504 | _aIncludes bibliographical references | ||
| 505 | _aSection I: Introduction. Sports and the human brain: an evolutionary perspective Sports neurology as a multidisciplinary field Section II: Traumatic brain injury and concussion. Mild traumatic brain injury and concussion: terminology and classification Catastrophic neurologic injuries in sport Concussive and subconcussive brain trauma: the complexity of impact biomechanics and injury risk in contact sport Concussion: pathophysiology and clinical translation Epidemiology of sports concussion in the United States Sideline assessment of concussion Emergency department evaluation of the concussed athlete Office-based concussion evaluation, diagnosis, and management: adult Office-based concussion evaluation, diagnosis, and management: pediatric The relationship of migraine and other headache disorders to concussion Sleep disorders and concussion Vestibular dysfunction and concussion Neuro-ophthalmologic disorders following concussion Neuropsychiatry of sport-related concussion Postconcussion syndrome The role of neuropsychologists in concussion evaluation and management Return to play following sports-related concussion Return to learn Neuroimaging of brain trauma in sports Blood and cerebrospinal fluid biomarkers Measuring head impacts: accelerometers and other sensors Subconcussive trauma The evolving landscape of policies, rules, and law in sport-related concussion The modern landscape of sport-related concussion research: key achievements and future directions Section III: Neurodegeneration and other long-term consequences of concussion and repetitive head impacts. Chronic traumatic encephalopathy: clinical presentation and in vivo diagnosis The neuropathology of chronic traumatic encephalopathy Chronic traumatic encephalopathy: neuroimaging biomarkers Chronic traumatic encephalopathy: fluid biomarkers Section IV: Cervical spinal cord injuries. Biomechanics and common mechanisms of injury of the cervical spine Cervical spine trauma evaluation Acute management of cervical spine trauma Cervical spine trauma: prevention strategies Classification in para sport for athletes following cervical spine trauma Section V: Peripheral nerve injuries. Peripheral nerve injury in sport: an overview Neuromuscular adaptations in shoulder function and dysfunction Common peripheral nerve injuries in sport: diagnosis and management Section VI: Pain. Sport-related injury and pain classification Pain management in sport: therapeutic injections Section VII: Special neurologic considerations in sport. Athletes with neurologic disease Neurologic benefits of sports and exercise Future directions | ||
| 520 | _a"Sports Neurology is designed to be a comprehensive overview of neurology within the context of sports medicine. This definitive text addresses the history of sports neurology, including its unique role within sports medicine, and provides a detailed assessment of central and peripheral nervous system injuries and illnesses in athletes. Sports Neurology is a critical companion for all sports medicine clinicians and for neurologists who manage athletes"--Publisher's description | ||
| 650 | _a Athletic Injuries | ||
| 650 | _aSports Medicine | ||
| 650 | _aNervous System Diseases | ||
| 650 | _aNervous system -- Wounds and injuries | ||
| 650 | _aMEDICAL Surgery General | ||
| 700 |
_aFrancois Boller, _eseries editor |
||
| 700 |
_aDick F. Swaab. _eseries editor |
||
| 942 |
_2lcc _cBK _h593 _iSPO 2018 _kRD |
||